• 首页
  • 本馆介绍
  • 公告通知
  • 最新文献
  • 馆藏检索
  • 电子资源
  • 读者导购
  • 参考咨询
  • 我的图书馆
  • 登录
  • 详细信息显示
  • 放入我的书架
  • 预约/预借图书
  • 作者相关作品
  • 分类相关作品
  • 丛书相关作品
  • 出版社相关作品

书目信息

  • 表格格式
  • 工作单格式
  • 卡片格式
题名:
儿童语言发展引论
    
 
作者: Foster-Cohen Susan H. 著 ;李行德 导读
分册:  
出版信息: 北京   外语教学与研究出版社  2002
页数: 39,241页
开本: 23cm
丛书名: 当代国外语言学与应用语言学文库
单 册:
中图分类: H003
科图分类:
主题词: 儿童语言 , 儿童语言--研究--英文
电子资源:
ISBN: 7-5600-2894-2
000 01008nam0 2200277 450
005 20220929153122.71
010    @a7-5600-2894-2@dCNY22.90
100    @a20070730d2002 em y0chiy0120 ea
101 1  @achi@ceng
102    @aCN@b110000
105    @ay z 001yy
200 1  @a儿童语言发展引论@AEr Tong Yu Yan Fa Zhan Yin Lun@fSusan H.Foster-Cohen著@FSusan H.Foster-Cohen Zhu@g李行德导读
210    @a北京@c外语教学与研究出版社@d2002
215    @a39,241页@d23cm
225 2  @a当代国外语言学与应用语言学文库
305    @a培生教育出版集团授权出版
330    @a本书讨论了语言发展的个人差异、儿童二语习得、较大小孩的语言发展、双语发展、语言发展与语言演变的关系等。
410  0 @12001 @a当代国外语言学与应用语言学文库
510 1  @aAn Introduction to Child Language Development@zeng
606 0  @a儿童语言
606 0  @a儿童语言@x研究@x英文
690    @aH003@v4
701  1 @aFoster-Cohen Susan H.@4著
702  0 @a李行德@ALi Xing De@4导读
801  0 @aCN@bTAOJIN@c20070802
905    @a10447@dH003@e187
    
    儿童语言发展引论/Susan H.Foster-Cohen著/李行德导读 .-北京:外语教学与研究出版社,2002
    39,241页;23cm.-(当代国外语言学与应用语言学文库)
    
    
    ISBN 7-5600-2894-2:CNY22.90
    本书讨论了语言发展的个人差异、儿童二语习得、较大小孩的语言发展、双语发展、语言发展与语言演变的关系等。
●
相关链接 在E读中查询图书 在五车中查询图书 在当当中查询图书 在豆瓣中查询图书


正题名:儿童语言发展引论     索取号:H003/187         预约/预借

序号 登录号 条形码 馆藏地/架位号 状态 备注
1 0826768   208267686   第二样本阅览室/ [索取号:H003/187] 在馆    
2 0826769   208267695   第四借阅区/ [索取号:H003/187] 在馆    
3 0826770   208267702   第四借阅区/ [索取号:H003/187] 在馆    
4 0826771   208267711   第四借阅区/ [索取号:H003/187] 在馆    
5 0826772   208267720   第四借阅区/ [索取号:H003/187] 在馆    
6 1057084   210570844   密集书库-文学院/ [索取号:H003/187] 在馆    
7 1057136   210571362   密集书库-文学院/ [索取号:H003/187] 在馆    
唐山师范学院图书馆 欢迎您!
大连网信软件有限公司© 版权所有